000
00309nam a22001217a 4500
005
20250821100004.0
008
250821b |||||||| |||| 00| 0 eng d
082
_a
005
_b
MAY-F
100
_a
Mayes
245
_a
Financial Analysis with Microsoft Excel 2013 (7e)
650
_a
Computer Science & IT
999
_c
37058
_d
37058